MARC details
| 000 -LEADER |
| campo de control de longitud fija |
02091nms a2200397 i 4500 |
| 001 - NÚMERO DE CONTROL |
| campo de control |
118074 |
| 003 - IDENTIFICADOR DE NÚMERO DE CONTROL |
| campo de control |
ES-MaACL |
| 005 - FECHA Y HORA DE LA ÚLTIMA TRANSACCIÓN |
| campo de control |
20250815063228.0 |
| 008 - DATOS DE LONGITUD FIJA--INFORMACIÓN GENERAL |
| campo de control de longitud fija |
180604c1977 sp fryp|o | |0 b|spa |
| 017 ## - NÚMERO DE COPYRIGHT O DE DEPÓSITO LEGAL |
| Número de copyright o de depósito legal |
M 40933-1977 |
| Agencia que asigna |
Oficina Depósito Legal Madrid |
| 017 ## - NÚMERO DE COPYRIGHT O DE DEPÓSITO LEGAL |
| Número de copyright o de depósito legal |
Z 1378-1988 |
| Agencia que asigna |
Oficina Depósito Legal Zaragoza |
| 022 ## - NÚMERO INTERNACIONAL NORMALIZADO PARA PUBLICACIONES SERIADAS |
| Número Internacional Normalizado para Publicaciones Seriadas |
0210-8615 |
| 040 ## - FUENTE DE CATALOGACIÓN |
| Centro/agencia transcriptor |
ES-MaACL |
| 080 ## - NÚMERO DE LA CLASIFICACIÓN DECIMAL UNIVERSAL |
| Número de la Clasificación Decimal Universal |
5 |
| 245 00 - MENCIÓN DEL TÍTULO |
| Título |
Llull |
| Medio |
[Recurso electrónico] / |
| Mención de responsabilidad, etc. |
Sociedad Española de Historia de las Ciencias |
| 260 ## - PUBLICACIÓN, DISTRIBUCIÓN, ETC. |
| Lugar de publicación, distribución, etc. |
Madrid : |
| Nombre del editor, distribuidor, etc. |
Sociedad Española de Historia de las Ciencias, |
| Fecha de publicación, distribución, etc. |
1977- |
| 300 ## - DESCRIPCIÓN FÍSICA |
| Extensión |
14 volúmenes ; |
| Dimensiones |
21, 22 y 23 cm |
| 310 ## - PERIODICIDAD ACTUAL |
| Periodicidad actual |
Semestral |
| 362 0# - FECHAS DE PUBLICACIÓN Y/O DESIGNACIÓN SECUENCIAL |
| Fecha de publicación y/o designación secuencial |
N. 1 (dic. 1977)-v. 9, n. 16-17 (1986)-v. 39, n. 83 (2016) |
| 530 ## - NOTA DISPONIBLE DE FORMULARIO FÍSICO ADICIONAL |
| Nota de formato físico adicional disponible |
Disponible en formato digital |
| 555 ## - NOTA DE ÍNDICE ACUMULATIVO U OTROS INSTRUMENTOS BIBLIOGRÁFICOS |
| Nota de índice acumulativo u otros instrumentos bibliográficos |
Índice de los v. 1-10 (1977-1987) : |
| Referencia bibliográfica |
10 años de Llull : revista de la Sociedad Española de Historia de las Ciencias y de las Técnicas, 1989 |
| 555 ## - NOTA DE ÍNDICE ACUMULATIVO U OTROS INSTRUMENTOS BIBLIOGRÁFICOS |
| Nota de índice acumulativo u otros instrumentos bibliográficos |
Índice de los v. 16-20 (1993-1997) : |
| Referencia bibliográfica |
20 años de Llull : revista de la Sociedad Española de Historia de las Ciencias y de las Técnicas, 1998 |
| 555 ## - NOTA DE ÍNDICE ACUMULATIVO U OTROS INSTRUMENTOS BIBLIOGRÁFICOS |
| Nota de índice acumulativo u otros instrumentos bibliográficos |
Índice de los v. 1-25 (1977-2002) : |
| Referencia bibliográfica |
25 años de Llull : revista de la Sociedad Española de Historia de las Ciencias y de las Técnicas, 2003 |
| 650 #7 - PUNTO DE ACCESO ADICIONAL DE MATERIA--TÉRMINO DE MATERIA |
| Término de materia o nombre geográfico como elemento de entrada |
Ciencias |
| Fuente del encabezamiento o término |
embne |
| 9 (RLIN) |
10971 |
| 650 #7 - PUNTO DE ACCESO ADICIONAL DE MATERIA--TÉRMINO DE MATERIA |
| Término de materia o nombre geográfico como elemento de entrada |
Tecnología |
| Fuente del encabezamiento o término |
embne |
| 9 (RLIN) |
17398 |
| 655 #4 - TERMINO DE INDIZACIÓN--GENERO/FORMA |
| Datos o término principal de género/forma |
Revistas científicas |
| 9 (RLIN) |
226863 |
| 710 2# - ENTRADA AGREGADA--NOMBRE DE ENTIDAD CORPORATIVA |
| Nombre de entidad corporativa o nombre de jurisdicción como elemento de entrada |
Sociedad Española de Historia de las Ciencias |
| Término indicativo de función/relación |
Editor |
| 9 (RLIN) |
6729 |
| 752 ## - ENTRADA AGREGADA--NOMBRE JERÁRQUICO DEL LUGAR |
| País o entidad superior |
España - |
| Ciudad |
Madrid |
| 780 00 - ENLACE A UN TÍTULO/ENTRADA ANTERIOR |
| Encabezamiento principal |
Boletín de la Sociedad Española de Historia de las Ciencias, |
| Número Internacional Normalizado para Publicaciones Seriadas |
ISSN 1131-6055 |
| Lugar, editor y fecha de publicación |
N. 0 (mayo 1977)- |
| 852 4# - LOCALIZACIÓN |
| Ubicación |
ES-MaACL |
| 856 4# - LOCALIZACIÓN Y ACCESO ELECTRÓNICOS |
| Identificador Uniforme de Recursos |
<a href="https://recyt.fecyt.es/index.php/LLUL/issue/archive">https://recyt.fecyt.es/index.php/LLUL/issue/archive</a> |
| Texto de enlace |
Versión en línea |
| Nota pública |
(Llull) |
| 856 4# - LOCALIZACIÓN Y ACCESO ELECTRÓNICOS |
| Identificador Uniforme de Recursos |
<a href="https://dialnet.unirioja.es/servlet/revista?codigo=1511">https://dialnet.unirioja.es/servlet/revista?codigo=1511</a> |
| Texto de enlace |
Versión en línea |
| Nota pública |
(Dialnet) |
| 903 ## - ELEMENTOS DE DATOS C LOCAL, LDC (RLIN) |
| 9 |
54320 |
| a |
García Camarero, Ernesto, |
| d |
1932-2022 |
| e |
dnr |
| 942 ## - ELEMENTOS DE ENTRADA SECUNDARIOS (KOHA) |
| Fuente del sistema de clasificación o colocación |
Clasificación decimal universal |
| Tipo de ítem Koha |
Revista |
| Suprimir en OPAC |
No |